000 01879nam a22002537a 4500
003 NALT
005 20251125233125.0
008 s2558 th o tha d
020 _a9786163990341
040 _a์NALT
086 _aสผ 46 7.3 630 2558
090 _aAA 560.T52
_bส226ส 2558
110 2 _aสำนักงานเลขาธิการสภาผู้แทนราษฎร ปฏิบัติหน้าที่สำนักงานเลขาธิการสภาปฏิรูปแห่งชาติ
_91766
245 1 0 _aสภาปฏิรูปแห่งชาติ วาระปฏิรูปที่ 14 :
_bการปฏิรูปภาคเกษตร /
_cสำนักงานเลขาธิการสภาผู้แทนราษฎร ปฏิบัติหน้าที่สำนักงานเลขาธิการสภาปฏิรูปแห่งชาติ.
260 _aกรุงเทพฯ :
_bสำนักการพิมพ์ สำนักงานเลขาธิการสภาผู้แทนราษฎร,
_c2558.
300 _a330 หน้า :
_bภาพประกอบ, ตาราง ;
_c29 ซม.
610 2 4 _aคณะกรรมาธิการปฏิรูปการเกษตร อุตสาหกรรม พาณิชย์ การท่องเที่ยวและบริการ สภาปฏิรูปแห่งชาติ
_xรายงาน
_914188
650 4 _aนโยบายการเกษตร
_99150
_zไทย
650 4 _aกฎหมายเกษตรกรรม
_915451
_zไทย
850 _aNALT
856 4 0 _uhttps://hdl.handle.net/20.500.14156/454625
942 _cPAR
_2local
999 _c74358
_d74358
998 _j104
_k นางสาวสายฝน ดีงาม